000 00715nam a2200301Ia 4500
008 161027s9999||||xx |||||||||||||| ||und||
040 _cPrakrit
082 _aX.B
082 _bBORI-38389
100 _aShree Jambuvijayji
245 _aNamaskar Swadhyay
245 _bShree Tatvanandvijayji
260 _aMumbai
260 _bJain Sahitya Vikas Mandalam
260 _c1961
300 _a17 +544
300 _cC
300 _eHardbound
530 _u00038022.pdf
563 _aText
600 _aShree Jambuvijayji
630 _aNamaskar Swadhyay
650 _aBuddhism & Jainism
650 _aJainism
700 _aShree Jambuvijayji
730 _aNamaskar Swadhyay
942 _cBOOK
999 _c1401699
_d1401696